000 00473nam a22001697a 4500
005 20230114122928.0
008 220210b ||||| |||| 00| 0 eng d
020 _a978-81-85790-8-1
041 _aeng
082 _a540.71
100 _aMAHADIK, DR.K.R AND BHOSALE, DR.S.H
_97053
245 _aA HANDBOOK OF PRACTICAL CHEMISTRY:INORGANIC AND ORGANIC CHEMISTRY
260 _aPUNE
_bNIRALI PRAKASHAN
300 _a2.91;p
650 _aPHARMACY
_xB.PHARMA
_97083
942 _cBK
999 _c7904
_d7902